Hadithi za kale (Record no. 43324)
[ view plain ]
| 000 -LEADER | |
|---|---|
| fixed length control field | 00756nam a22002411a 4500 |
| 001 - CONTROL NUMBER | |
| control field | 1742676 |
| 005 - DATE AND TIME OF LATEST TRANSACTION | |
| control field | 20110718134013.0 |
| 008 - FIXED-LENGTH DATA ELEMENTS--GENERAL INFORMATION | |
| fixed length control field | 780620t19731972ke a 000 0 swa |
| 010 ## - LIBRARY OF CONGRESS CONTROL NUMBER | |
| LC control number | 74983099 |
| 020 ## - INTERNATIONAL STANDARD BOOK NUMBER | |
| International Standard Book Number | 0582622085 |
| 035 ## - SYSTEM CONTROL NUMBER | |
| -- | (DLC) 74983099 |
| 040 ## - CATALOGING SOURCE | |
| Original cataloging agency | DLC |
| Transcribing agency | MB |
| Modifying agency | DLC |
| 050 00 - LIBRARY OF CONGRESS CALL NUMBER | |
| Classification number | PL 8704.S3H33 1972 |
| Item number | PL 8704.S3H33 1972 |
| 100 1# - MAIN ENTRY--PERSONAL NAME | |
| Personal name | Saidi, M. |
| 245 10 - TITLE STATEMENT | |
| Title | Hadithi za kale |
| Medium | [Text] |
| 260 ## - PUBLICATION, DISTRIBUTION, ETC. (IMPRINT) | |
| Place of publication, distribution, etc | Nairobi |
| Name of publisher, distributor, etc | Longman |
| Date of publication, distribution, etc | c1972 |
| 300 ## - PHYSICAL DESCRIPTION | |
| Extent | 29 p. illus. 19 |
| 505 0# - FORMATTED CONTENTS NOTE | |
| Formatted contents note | Radhi ya baba hairudi.--Mfalme Choyo na Mfalme Amani.--Wema hauozi.--Akili ni mali. |
| 600 ## - SUBJECT ADDED ENTRY--PERSONAL NAME | |
| Personal name | Swahili Language - Texts |
| 906 ## - LOCAL DATA ELEMENT F, LDF (RLIN) | |
| a | 7 |
| b | cbc |
| c | orignew |
| d | u |
| e | ncip |
| f | 19 |
| g | y-gencatlg |
| 985 ## - | |
| -- | INF/INF |
| -- | COMARC |
| 991 ## - | |
| -- | c-GenColl |
| -- | PL8704.S3 |
| -- | H3 1973 |
| -- | Copy 1 |
| -- | BOOKS |
| Withdrawn status | Lost status | Source of classification or shelving scheme | Damaged status | Not for loan | Collection code | Home library | Current library | Shelving location | Date acquired | Source of acquisition | Cost, normal purchase price | Full call number | Barcode | Date last seen | Copy number | Price effective from | Koha item type |
|---|---|---|---|---|---|---|---|---|---|---|---|---|---|---|---|---|---|
| Library of Congress Classification | Special Collection | AIU/NEGST - Tony Wilmot Memorial Library | AIU/NEGST - Tony Wilmot Memorial Library | Special Collection | 02/16/2010 | Donation- SIL | 1.00 | S PL 8704.S3H33 1972 | R41200W3232 | 09/26/2019 | 1 | 02/16/2010 | Africana Collection (Special) |
